Piłkarze Amici Wronki - nagła śmierć - Statystyki

Ogólne statystyki
  • Ten quiz został rozwiązany 19 razy
  • Średni wynik to 5 z 20
Answers on the Grid
Answers color-coded by a green-red scale on the quiz's grid according to % correct below.
Łukasz Garguła
Marek Citko
Radosław Cierzniak
Sławomir Rafałowicz
Marek Saganowski
Dariusz Dudka
Grzegorz Piechna
Rafał Murawski
Marcin Adamski
Piotr Jacek
Dariusz Fornalak
Piotr Szarpak
Piotr Reiss
Maciej Mielcarz
Bartłomiej Konieczny
Tomasz Lisowski
Tomasz Frankowski
Robert Kolendowicz
Robert Gadocha
Ireneusz Kościelniak
Dariusz Zjawiński
Jacek Berensztajn
Grzegorz Lewandowski
Maciej Górski
Wojciech Kowalczyk
Marcin Wasilewski
Arkadiusz Malarz
Maciej Korzym
Dariusz Kubicki
Mateusz Machaj
Jacek Magiera
Grzegorz Mielcarski
Grzegorz Szamotulski
Bartosz Ława
Arkadiusz Onyszko
Jerzy Brzęczek
Czesław Michniewicz
Michał Goliński
Bartłomiej Zalewski
Arkadiusz Klimek
 
Statystyki odpowiedzi
Odpowiedź % Poprawnych
Dariusz Dudka
73%
Maciej Mielcarz
47%
Rafał Murawski
40%
Grzegorz Szamotulski
33%
Piotr Jacek
33%
Piotr Reiss
33%
Radosław Cierzniak
33%
Robert Kolendowicz
33%
Arkadiusz Malarz
27%
Grzegorz Mielcarski
27%
Marcin Wasilewski
27%
Czesław Michniewicz
20%
Bartłomiej Konieczny
13%
Bartosz Ława
13%
Sławomir Rafałowicz
7%
Tomasz Lisowski
7%
Bartłomiej Zalewski
0%
Ireneusz Kościelniak
0%
Maciej Górski
0%
Mateusz Machaj
0%
Nie znaleziono quizów pasujących do podanych kryteriów
Rozkład punktacji
Procent ludzi z każdym wynikiem
Percentyl według liczby udzielonych odpowiedzi
Twoja historia wyników
Nie rozwiązałeś tego quizu